zpět

Detail výsledku týmu

Dělnický dům, Jihlava

Datum a čas kvízu

15.5 Celkem bodů Celkový počet nahraných bodů na tomto kvízu bez doplňovacích otázek.
10. Pořadí na kvízu Konečné umístění týmu na tomto kvízu.

Zaznamenané odpovědi

# Otázka Odpověď Body Výsledky
1. Minulý týden se publicista a ř... kvůli alkoholu 1
2. Oblíbená turistická atrakce, 6... v Krakově 1
3. Ministerstvo kultury učinilo d... C) česká pivní kultura 0
4. Jak se nazývá zvířecí znamení... had 0
5. O víkendu proběhly v Ostravě k... (Jižní) Korea, Tomáš Berdych 0
6. Začneme největšími společnými... (Vše)sokolský slet, Spartakiáda 0
7. Tento taneční fitness program... zumba 0
8. Cvičení na tomto „půlmíči“ je... BOSU 0
9. Bikram jóga je speciální druh... C) cvičí se v sále vyhřátém na 42 °C 0
10. Jak se jmenuje tato 55letá žen... Olga Studničková (Šípková) 0